Online Catalogue and eLibrary

Gahanu lowa pirimi lowa (Record no. 5220)

MARC details
000 -LEADER
fixed length control field 00368nam a2200157Ia 4500
005 - DATE AND TIME OF LATEST TRANSACTION
control field 20250630014143.0
008 - FIXED-LENGTH DATA ELEMENTS--GENERAL INFORMATION
fixed length control field 240331s9999 xx 000 0 und d
020 ## - INTERNATIONAL STANDARD BOOK NUMBER
ISBN 955867804x
082 ## - DDC Classification
Item Number - Author Mark DES
Class No. 1551
100 ## - MAIN ENTRY--PERSONAL NAME
Personal name De Soyza,P
245 #0 - TITLE STATEMENT
Title Gahanu lowa pirimi lowa
260 ## - PUBLICATION, DISTRIBUTION, ETC.
Place of publication, distribution, etc. Gotatuwa
Name of publisher, distributor, etc. P&P Associates
Date of publication, distribution, etc. 2004
300 ## - PHYSICAL DESCRIPTION
Extent (e.g. Volumes, Pages etc.) 174 p .,
650 ## - SUBJECT ADDED ENTRY--TOPICAL TERM
Topical term or geographic name entry element Gender
942 ## - Koha item type (Biblio)
Koha item type Books in Stacks (Lending)
Holdings
Lost status Damaged status Collection code Home library Current library Shelving location Date acquired Full call number Accession Number Item type
    Lending WERC Library WERC Library Social Science Cupboard 03/31/2024 155.3 DES 5640 Books in Stacks (Lending)

© WERC Library